000 00501nam a22001817a 4500
003 MPLRDC
005 20220104143704.0
008 210129b ||||| |||| 00| 0 eng d
020 _a962-07-5306-2
082 _a628.5 JTDF
100 _a津田道夫
245 _a南京大屠杀日本人的精神构造
_c程兆奇、刘燕 译
250 _a一版一刷
260 _a
_b商务印书馆
_c2000
300 _b
650 _a中国现代史; 民国史--中日战争
942 _cBK
_o628.5 JTDF
999 _c42360
_d42350